[Event "Charlotte Spring Classic 2021"]
[Site "Charlotte"]
[Date "2021.03.27"]
[Round "2.10"]
[White "Wang, Tianqi"]
[Black "Mundayat, Abinav"]
[Result "1-0"]
[WhiteElo "2305"]
[BlackElo "1899"]
[Annotator "TA"]
[PlyCount "51"]
[EventDate "2021.03.22"]
[EventType "swiss"]
[EventCountry "USA"]
[SourceTitle "playchess.com"]
[Source "ChessBase"]
[SourceQuality "1"]

{[%evp 14,51,46,36,49,41,75,53,60,47,45,0,45,44,134,134,103,102,183,169,184,111,299,297,283,262,289,289,297,285,1013,1007,994,1000,927,309,302,306,311,303]} 1. e4 c5 2. Nc3 Nc6 3. Bb5 g6 4. Bxc6 dxc6 5. f4 Bg7 6. Nf3 Nf6 7. d3 O-O 8. O-O b6 {B21: Sicilian: 2 f4 and Morra Gambit.} 9. Qe2 {[#]} Nd7 $146 ({Predecessor:} 9... Qc7 10. Bd2 Be6 11. Rae1 Rae8 12. Nh4 Bg4 13. Qf2 Bc8 14. h3 Nh5 15. Kh1 g5 16. Nf5 gxf4 17. Nxg7 Kxg7 18. Qh4 Qe5 19. Ne2 Kh8 20. Bc3 {1-0 (20) Hrabal,M (2046)-Blahynka,M (2098) Czechia 2012}) 10. e5 Kh8 {White is slightly better.} 11. Ng5 {Strongly threatening e6.} Nb8 12. Nf3 f6 13. h3 Nd7 ({Better is} 13... Na6 $14) 14. e6 $16 Nb8 {[#]} 15. f5 $1 $36 {[%mdl 2048] White is in control.} gxf5 (15... Na6 $16) 16. Bf4 $18 Na6 {[#]} 17. Nh4 (17. Rae1 $1 $18) 17... Nc7 $2 {This move loses the game for Black.} (17... c4 $16 {might work better.}) 18. Bxc7 ({Stronger than} 18. Nxf5 Nxe6 19. Nxg7 Kxg7 $11) 18... Qxc7 19. Nxf5 Rg8 20. Rae1 Bb7 21. Qh5 {aiming for Re4.} Bf8 $2 (21... Qb8 22. Nxe7 Qe8) 22. Re4 {Rh4 would kill now.} Rg5 23. Qf7 Bg7 24. Qxe7 $2 (24. Rg4 {Black must now prevent Rxg5.} Qe5 25. Qxe7 Rxg4 26. hxg4) 24... Qxe7 25. Nxe7 Re8 26. Nf5 {Weighted Error Value: White=0.32/Black=0.41} 1-0

[Event "Charlotte Spring Classic 2021"]
[Site "Charlotte"]
[Date "2021.03.28"]
[Round "3.1"]
[White "Graif, William"]
[Black "Ippolito, Dean"]
[Result "0-1"]
[WhiteElo "2257"]
[BlackElo "2369"]
[Annotator "TA"]
[PlyCount "124"]
[EventDate "2021.03.22"]
[EventType "swiss"]
[EventCountry "USA"]
[SourceTitle "playchess.com"]
[Source "ChessBase"]
[SourceQuality "1"]

{[%evp 16,124,0,0,0,-11,-12,-2,-2,-6,-3,-14,0,0,0,-4,50,46,38,-2,0,-52,-47,-56,-49,-72,-71,-135,-124,-123,-56,-57,-54,-58,-14,-27,-27,-50,0,-64,-63,-61,-69,-58,-18,-20,-20,-34,-39,-235,-216,-202,-145,-242,-235,-425,-412,-417,-423,-500,-500,-503,-488,-563,-537,-533,-533,-498,-463,-595,-625,-535,-552,-2026,-1822,-1312,-1192,-1178,-1170,-1098,-1110,-1095,-1022,-991,-685,-528,-435,-2405,-1972,-1922,-1367,-4627,-4627,-3189,-1741,-29971,-29976,-29975,-29976,-29963,-29968,-29985,-29986,-29986,-29987,-29989,-29990,-29990,-29991,-29991,-29992]} 1. e4 {Bangiev,A} c5 2. Nc3 e6 3. f4 d5 4. Nf3 dxe4 5. Nxe4 Nc6 6. Bb5 Bd7 7. Qe2 Nh6 8. b3 Nf5 9. Bb2 Be7 {B21: Sicilian: 2 f4 and Morra Gambit.} 10. O-O-O Nfd4 11. Nxd4 Nxd4 {[#] The position is equal.} 12. Bxd4 $146 ({Predecessor:} 12. Bxd7+ Qxd7 13. Qf2 b6 14. g4 a5 15. f5 a4 16. Rde1 axb3 17. axb3 Ra5 18. f6 Bxf6 19. Nxf6+ gxf6 20. Qxf6 {1-0 (34) Meister,J (2473)-Voitsekhovsky,S (2546) Samara 2000 CBM 078 [Bangiev,A]}) 12... cxd4 13. Rhf1 O-O 14. Kb1 $1 Re8 15. g4 f5 (15... a5 $11) 16. gxf5 $14 exf5 {[#] aiming for ...Bxb5.} 17. Ng3 Kh8 18. Bxd7 ({White should play} 18. Qd3 $11) 18... Qxd7 $15 19. Qe5 Rf8 $1 20. Nh5 {[%csl Gh5][%cal Re5g7]} Rf7 21. Rde1 (21. Ng3 $142) 21... Bb4 $17 {And now ...Re7 would win.} 22. Qe2 Re7 (22... d3 $17 23. Qxd3 Qxd3 24. cxd3 g6) 23. Qd3 $15 Rae8 24. Rxe7 Rxe7 25. Ng3 g6 26. Ne2 Bc5 27. c3 (27. Nc1 $11) 27... dxc3 $1 28. Qxc3+ Kg8 29. Qc4+ Qe6 {...Qxc4 is the strong threat.} 30. Qxc5 {Threatens to win with Nd4.} Qxe2 $11 {[%mdl 4096] Endgame KQR-KQR} 31. Rc1 Qd3+ 32. Ka1 $2 {White does not recover from this.} (32. Rc2 $15 Kf7 33. Kb2) 32... Qxd2 $19 33. Rc2 Qe3 34. Qc4+ (34. Qd6 $17) 34... Kg7 35. h4 $2 (35. Rc3 {is a better defense.} Qe4 36. Qc5) 35... Qe1+ 36. Kb2 Qxh4 37. Rd2 Qf6+ 38. Kb1 h5 39. Qc8 Re1+ 40. Kc2 Qc6+ 41. Qxc6 bxc6 {KR-KR} 42. Rd7+ Kh6 43. Rxa7 h4 44. a4 h3 45. Ra8 Kh5 46. Rh8+ Kg4 47. Rh6 Re2+ 48. Kd3 Rb2 49. Kc3 Rg2 50. a5 Ra2 51. Kb4 (51. b4 $142 h2 52. Kb3) 51... Kg3 52. Rxg6+ Kxf4 53. Rxc6 h2 54. Rh6 {[#]} Kg3 $1 55. Kb5 Kg2 {Black mates.} 56. Rg6+ Kf1 57. Rh6 Kg1 58. Ka6 h1=Q 59. Rxh1+ Kxh1 60. b4 f4 61. b5 f3 62. b6 f2 {Weighted Error Value: White=0.77/Black=0.18} 0-1

[Event "Charlotte Spring Classic 2021"]
[Site "Charlotte"]
[Date "2021.03.28"]
[Round "3.2"]
[White "Titus, Andrew"]
[Black "Liang, Jason"]
[Result "0-1"]
[WhiteElo "2158"]
[BlackElo "2342"]
[Annotator "TA"]
[PlyCount "100"]
[EventDate "2021.03.22"]
[EventType "swiss"]
[EventCountry "USA"]
[SourceTitle "playchess.com"]
[Source "ChessBase"]
[SourceQuality "1"]

{[%evp 15,100,12,24,10,0,5,4,-4,0,-27,-27,-35,-28,-41,-29,-77,-28,-22,-14,-39,-32,-50,-33,-58,-39,-61,-10,-54,-33,-64,-49,-50,0,-76,-78,-87,-55,-39,-36,-141,-156,-110,-138,-146,-125,-358,-358,-356,-347,-444,-446,-647,-612,-671,-666,-666,-649,-1067,-1037,-1037,-1050,-982,-739,-974,-948,-870,-879,-1104,-1108,-1086,-1070,-1104,-1018,-1020,-964,-1909,-1733,-1717,-1483,-5297,-906,-1022,-754,-751,-743,-665,-643]} 1. e4 c6 2. d4 d5 3. Nd2 dxe4 4. Nxe4 Nf6 5. Nxf6+ exf6 6. c3 Bd6 7. Bd3 O-O 8. Ne2 Re8 9. Be3 {B15: Caro-Kann: 3 Nc3: 3...g6 and 3...dxe4 4 Nxe4 Nf6 5 Nxf6+ exf6.} Nd7 {[%cal Bb8d7,Bd7f8,Bf8g6,Bg6e7,Be7d5][%mdl 32]} 10. Qc2 Nf8 11. O-O-O {The position is equal.} Be6 12. Kb1 b5 13. h4 h5 14. Be4 Qd7 {[#]} 15. Bf4 $146 ({Predecessor:} 15. Ka1 f5 16. Bf3 Bd5 17. Rh3 g6 18. Nf4 Bxf4 19. Bxf4 Bxf3 20. Rxf3 Qd5 21. Qd2 {½-½ (41) Gunduz,U (2205)-Zor,A (2167) Kemer 2018}) 15... Ng6 (15... Bg4 $5 {[%cal Re8e4]} 16. f3 Rxe4 $1 17. fxe4 (17. Qxe4 $2 {loses.} Bf5 $19) 17... Bxe2 18. Qxe2 Bxf4 $15) 16. Bxd6 Qxd6 17. Nc1 a5 {[%cal Ba7a5,Ba5a4,Ba4a3][%mdl 32]} 18. g3 a4 19. Bf3 Ne7 20. Nd3 Bf5 ({Better is} 20... a3 $15 21. b3 Bf5) 21. Ka1 Nd5 $36 {[%mdl 2048] Black has the initiative.} 22. Qd2 a3 {Hoping for ...Bxd3.} 23. b3 Re7 24. Rhe1 {[#]} (24. Bxh5 $11 Bxd3 25. Qxd3) 24... Rae8 $1 $17 25. Nc5 g6 26. Rxe7 Qxe7 27. Nd3 (27. c4 $15 bxc4 28. bxc4) 27... Bxd3 28. Qxd3 b4 29. Bxd5 cxd5 {[%mdl 4096] Endgame KQR-KQR} 30. c4 $2 {This costs White the game.} (30. cxb4 $17 Qxb4 31. Kb1) 30... Qe2 $19 31. Qxe2 Rxe2 {KR-KR} 32. c5 {If only White now had time for Rc1....} Kf8 {Black is clearly winning.} 33. c6 (33. f3 $142 Ke8 34. Rh1) 33... Ke7 34. c7 {[#]} Kd7 35. Rc1 Kc8 36. Kb1 Rb2+ 37. Ka1 Rxf2 38. Kb1 Rb2+ 39. Ka1 Rg2 40. Kb1 Rxg3 41. Re1 Kxc7 42. Re7+ Kd6 43. Rxf7 Rg1+ 44. Kc2 Rg2+ 45. Kd3 Ke6 46. Rb7 Rxa2 47. Rxb4 Rh2 (47... Ra1 $142 48. Kc2 g5 49. hxg5 fxg5 50. Rb6+ Kf5) 48. Ra4 Rh3+ 49. Kc2 Rxh4 50. Rxa3 Rxd4 {Weighted Error Value: White=0.86/Black=0.27} 0-1

[Event "Charlotte Spring Classic 2021"]
[Site "Charlotte"]
[Date "2021.03.28"]
[Round "3.3"]
[White "Wu, Derek"]
[Black "Aaron, Deepak"]
[Result "1/2-1/2"]
[WhiteElo "2190"]
[BlackElo "2300"]
[Annotator "TA"]
[PlyCount "109"]
[EventDate "2021.03.22"]
[EventType "swiss"]
[EventCountry "USA"]
[SourceTitle "playchess.com"]
[Source "ChessBase"]
[SourceQuality "1"]

{[%evp 17,109,29,54,52,50,38,39,36,69,33,61,40,37,38,31,27,36,-4,89,85,104,95,80,37,37,0,89,0,32,10,6,0,19,19,37,33,53,10,50,14,21,18,13,0,0,0,0,0,0,-33,-35,-42,-17,-20,-39,-55,-10,-15,-8,-8,-8,-8,-8,-8,-8,-8,-8,-8,-8,-8,-8,-8,-8,-8,-8,-8,-8,-8,-8,-8,-8,-30,-30,-1886,-8,-8,-8,-8,-8,-8,-8,-8,0,-8]} 1. d4 e6 2. c4 f5 3. g3 Nf6 4. Bg2 Bb4+ 5. Bd2 Bxd2+ 6. Qxd2 O-O 7. Nc3 Qe7 8. Nh3 d6 9. O-O Nc6 10. d5 {A90: Dutch Defence: Miscellaneous and Modern Stonewall (with ...Bd6).} Nd8 11. dxe6 Nxe6 {[#]} 12. Nf4 $146 {White is slightly better.} ({Predecessor:} 12. Nd5 Nxd5 13. cxd5 Nc5 14. b4 Na6 15. a3 Bd7 16. Rac1 Rae8 17. Nf4 Qe5 18. Rfe1 {1-0 (42) Lipinski,G-Saacke,B Kiel 1965}) 12... Rb8 13. b4 Bd7 14. Rac1 Nxf4 15. Qxf4 Be6 16. Nb5 Qf7 17. Nd4 Kh8 (17... Bxc4 $11 {remains equal.} 18. Rfd1 Bxa2) 18. c5 $16 (18. Nxf5 $2 Nh5 $19) 18... dxc5 19. Rxc5 c6 20. Ra5 (20. Nxf5 Nd7 $17) 20... a6 21. Re5 (21. Nxf5 Nh5 $15) 21... Rbe8 (21... Bxa2 $11 22. Nxf5 (22. Rxf5 g6 $11) (22. Qxf5 Rbd8 $11) 22... Rbd8) 22. Bf3 ({Much weaker is} 22. Nxf5 Nd7 $15) (22. Nxe6 $16 Rxe6 23. Qxf5 Rxe5 24. Qxe5) 22... g6 23. a3 Bd5 24. Rd1 Bxf3 25. Nxf3 Nd5 26. Qd4 Qg7 27. Kf1 h6 28. h4 Kh7 29. Rxe8 Rxe8 30. h5 gxh5 31. Qh4 Qg4 32. Rd4 $1 {[%cal Rd4g4]} Re4 33. Rxe4 (33. Qd8 {feels hotter.} Rxd4 34. Qd7+ Kh8 35. Qe8+ Qg8 36. Qe5+) 33... fxe4 34. Qxg4 hxg4 $11 {[%mdl 4096] Endgame KN-KN} 35. Ne5 h5 36. Nd7 b6 37. Nb8 c5 38. bxc5 bxc5 39. Nxa6 c4 40. e3 c3 {[#] ( -> ...c2)} 41. Nc5 c2 42. Nb3 Nb6 43. Ke2 Nc4 44. a4 Kg6 45. Nc1 h4 46. gxh4 Kh5 47. a5 Nxa5 48. Kd2 Kxh4 {[#] Threatens to win with ...Kh3.} 49. Ne2 (49. Kxc2 {is interesting.} g3 50. fxg3+ Kxg3 51. Ne2+ Kf3 52. Nc3) 49... Kh3 {Strongly threatening ...Kg2.} 50. Nc3 $2 {[%mdl 8192]} (50. Kxc2 $11 Kg2 51. Ng3) 50... Nc4+ $2 (50... Nb3+ $19 51. Kxc2 Nc5) 51. Kxc2 {The position is equal.} Kg2 {And now ...Kf3 would win.} 52. Nxe4 Kf3 53. Nf6 Nxe3+ 54. Kd3 Kxf2 55. Nxg4+ {Weighted Error Value: White=0.29/Black=0.37} 1/2-1/2

[Event "Charlotte Spring Classic 2021"]
[Site "Charlotte"]
[Date "2021.03.28"]
[Round "3.4"]
[White "Chasin, Nico"]
[Black "Wu, Rochelle"]
[Result "1/2-1/2"]
[WhiteElo "2293"]
[BlackElo "2126"]
[Annotator "TA"]
[PlyCount "177"]
[EventDate "2021.03.22"]
[EventType "swiss"]
[EventCountry "USA"]
[SourceTitle "playchess.com"]
[Source "ChessBase"]
[SourceQuality "1"]

{[%evp 35,177,51,31,21,47,49,36,47,20,46,33,61,51,58,55,58,56,48,45,44,62,54,44,55,68,45,49,44,32,31,34,52,41,35,65,2,5,0,0,0,0,0,15,0,0,0,8,0,0,0,0,0,0,0,0,-27,-28,-57,0,0,0,0,0,0,0,0,0,0,0,0,0,0,0,0,0,0,0,0,0,0,0,0,0,0,0,0,0,0,0,0,0,0,0,0,0,-45,-46,-40,0,0,0,-59,0,0,0,-62,-62,-64,-64,-287,-276,-29976,-29977,-29977,-29978,-29977,-29979,-29979,-29980,-29981,-29978,-29978,0,0,0,-29978,0,0,0,0,0,0,0,0,0,0,0,0,0,0,0,0,0,0]} 1. d4 d5 2. c4 c6 3. Nf3 Nf6 4. Nc3 e6 5. Bg5 dxc4 6. e4 b5 7. e5 h6 8. Bh4 g5 9. Nxg5 hxg5 10. Bxg5 Nbd7 11. g3 Bb7 12. Bg2 Qb6 13. exf6 O-O-O 14. O-O c5 15. d5 b4 16. Rb1 Qa6 17. dxe6 Bxg2 18. e7 Bxf1 19. Kxf1 {D44: Semi-Slav: Botvinnik System.} Bxe7 $1 {19...Qc6 is vanishing.} 20. fxe7 Rdg8 21. Ne4 {White is slightly better.} c3+ 22. Kg1 Rxg5 $1 23. Nxg5 Qg6 24. bxc3 Qxg5 25. Qe2 Qe5 26. Qa6+ {[%mdl 64] [#] Double Attack} Kb8 27. Qb5+ {[%mdl 64] Double Attack} Kc7 28. cxb4 Qxe7 29. Qa5+ Kb8 30. bxc5+ {[%cal Bb4c5,Bc5c6,Bc6c7][%mdl 32]} Ka8 $1 31. c6 {Threatening mate with Qc7!} Ne5 $1 {[%cal Re5f3]} 32. Qd5 {Intending c7+ and mate.} Qe6 33. Qxe6 fxe6 $14 {[%mdl 4096] Endgame KRN-KR} 34. c7 Rc8 {[#]} 35. f4 $146 (35. Kg2 $14) ({Predecessor:} 35. Kg2 Rxc7 36. Re1 Nd3 37. Rxe6 Rc2 38. Rf6 Rxa2 39. h4 Kb7 40. h5 a5 41. h6 {½-½ (48) Jacot,L (2510)-Mendl,M (2526) GER email 2016}) 35... Nd7 36. Re1 Nf8 37. h4 Kb7 38. Kg2 Rxc7 39. Re2 Kc6 40. h5 Kd6 41. Kh3 Ke7 42. Kh4 Kf6 43. Re5 Nd7 44. Ra5 e5 45. Ra6+ Kf5 {Strongly threatening ...e4.} 46. Rg6 Rc1 ({Black should try} 46... exf4 $15 47. g4+ Ke5 48. Rg5+ Ke6) 47. Rg5+ $11 Ke4 (47... Ke6 {looks sharper.} 48. Rg6+ Kd5 49. fxe5 Nc5 50. Kg4 Ne6) 48. Rg7 Rh1+ 49. Kg5 exf4 50. Re7+ Kf3 51. gxf4 Nc5 52. f5 Ne4+ 53. Kg6 Rg1+ 54. Kf7 Rg5 55. h6 {Black must now prevent f6.} Rxf5+ 56. Kg8 Rh5 57. Kg7 {aiming for h7.} Rg5+ 58. Kf8 Rh5 59. Kg7 Rg5+ 60. Kf7 Rh5 61. Kg7 Rg5+ 62. Kf8 {Threatens to win with h7.} Rh5 63. Re6 Kf4 64. Ra6 Nc5 65. Rf6+ Ke5 66. Kf7 Ne4 67. Ra6 {Hoping for Ra5+.} Rf5+ (67... Nc5 {is more complex.} 68. Rf6) 68. Ke7 (68. Kg7 $11 Rg5+ 69. Kf8) 68... Ng5 (68... Nc3 $1 $15 69. Rxa7 Nd5+ 70. Ke8 Rh5) 69. Ra5+ Kf4 70. Ra6 (70. Rxf5+ $1 $11 Kxf5 71. Kd7) 70... Rf7+ $15 71. Ke8 Rh7 72. a4 $2 (72. Kd8 $1 $15) 72... Kf5 {And now ...Ne6 would win.} 73. Kd8 $2 {[#]} (73. Ra5+ $19 Kf4 74. Kd8 Nf7+ 75. Kc8) 73... Ne6+ 74. Kc8 Rh8+ 75. Kb7 Nc5+ {[%mdl 64] Double Attack} 76. Kxa7 Nxa6 77. Kxa6 Rxh6+ {KR-KP} 78. Kb7 Ke5 $2 (78... Rh2 79. a5 Rb2+ 80. Kc6 Ra2 81. Kb6 Ke6 82. a6 Kd7 83. a7 Kc8 84. Kc5 Rxa7 85. Kd5 Ra4 86. Ke5 Kc7 87. Kd5 Kd7 88. Kc5 Ke6 89. Kb5 Rd4 90. Kc5 Rh4 91. Kb6 Kd6 92. Kb5 Re4 93. Kb6 Rb4+ 94. Ka5 Kc5 95. Ka6 Kc6 96. Ka7 Ra4+ 97. Kb8 Ra5 98. Kc8 Ra8#) 79. a5 $11 Rh7+ 80. Kc6 $2 {[%mdl 8192]} (80. Kb6 $11) 80... Rh6+ $2 (80... Kd4 {mates} 81. Kb5 Rh5+ 82. Kb4 Rh8 83. Kb5 Kd5 84. Kb6 Kc4 85. a6 Rh6+ 86. Ka5 Kc5 87. a7 Rh8 88. Ka6 Kc6 89. Ka5 Rc8 90. Ka4 Kb6 91. Kb4 Kxa7 92. Kb5 Rc7 93. Kb4 Ka6 94. Ka3 Rb7 95. Ka4 Rb8 96. Ka3 Ka5 97. Ka2 Ka4 98. Ka1 Kb3 99. Kb1 Rc8 100. Ka1 Rc1#) 81. Kb7 {The position is equal.} Kd6 82. a6 Rh7+ 83. Kb6 $1 Rh1 {( -> ...Rb1+)} (83... Rh2 {keeps more tension.} 84. Kb7 Ke6 85. a7 Rb2+ 86. Ka6 Ra2+) 84. Kb7 $1 Rb1+ (84... Kd5 {with more complications.} 85. a7 Rh7+ 86. Ka6 Rh6+ 87. Kb7 Rh7+) 85. Kc8 $1 Rc1+ 86. Kb8 Rb1+ 87. Kc8 $1 Ra1 88. Kb7 Rb1+ (88... Kd7 $5 {[%cal Ra1b1]} 89. a7 Ke8 $11) 89. Kc8 $1 {Weighted Error Value: White=0.06/Black=0.02} 1/2-1/2

[Event "Charlotte Spring Classic 2021"]
[Site "Charlotte"]
[Date "2021.03.28"]
[Round "3.5"]
[White "Sarkar, Justin"]
[Black "Espinosa Silva, Pedro"]
[Result "1-0"]
[WhiteElo "2365"]
[BlackElo "1755"]
[Annotator "TA"]
[PlyCount "75"]
[EventDate "2021.03.22"]
[EventType "swiss"]
[EventCountry "USA"]
[SourceTitle "playchess.com"]
[Source "ChessBase"]
[SourceQuality "1"]

{[%evp 22,75,47,44,42,47,62,64,59,53,38,54,65,64,62,65,103,67,70,62,42,43,78,81,74,55,62,0,98,70,64,62,65,47,88,88,463,111,121,111,112,110,214,210,371,260,533,285,823,803,29993,29994,29994,29995,29997,29998]} 1. d4 Nf6 2. c4 e5 3. dxe5 Ng4 4. Bf4 Nc6 5. Nf3 Bb4+ 6. Nc3 Bxc3+ 7. bxc3 Qe7 8. Qd5 f6 9. exf6 Nxf6 10. Qd3 d6 11. g3 O-O 12. Bg2 Re8 {A52: Budapest Gambit.} 13. O-O Qxe2 14. Qxe2 Rxe2 {White is slightly better.} 15. Nd4 Nxd4 16. cxd4 Be6 17. Bxb7 Rb8 18. Rab1 {[#]} Kh8 $146 ({Predecessor:} 18... Rd8 19. a3 Bxc4 20. Rfc1 d5 21. Bxc7 Rd7 22. Bf4 Ne4 23. Bc6 Rd8 24. Be3 Nd2 {½-½ (50) Goganov,A (2632)-Golubov,S (2492) Moscow 2017}) 19. Rfc1 h6 20. h4 Rxa2 21. c5 Bf5 22. cxd6 cxd6 ({Don't go for} 22... Bxb1 $2 23. dxc7 Re8 24. Rxb1 $18) 23. Bxd6 Rd8 {[#]} 24. Be7 (24. Rb5 $1 $14) 24... Rxd4 (24... Re8 $11 {remains equal.} 25. Bxf6 Bxb1) 25. Bxf6 gxf6 26. Rb5 Be6 27. Re1 Rd6 28. Bf3 a5 $2 {[%mdl 8192] [#]} (28... Kg7 $16 {is more resistant.}) 29. Rb7 $2 (29. Rb8+ $1 $18 {is the precise move to win.} Kg7 30. Bh5) 29... Ra4 30. Ra7 f5 31. Re5 f4 {[#]} (31... Ra3 $16) 32. g4 $1 $18 ({Don't take} 32. Rexa5 $6 Rxa5 33. Rxa5 fxg3 $16) 32... Ra3 $2 (32... Rad4 33. Rexa5 (33. Raxa5 Kh7 $16) 33... Bd7) 33. Kg2 a4 $2 (33... Ra4 34. Rc7 (34. Rexa5 Rxa5 35. Rxa5 Bd7 $16) 34... Rad4 35. Rxa5 Kg8) 34. Re4 Bd7 $2 (34... Rad3 35. Rexa4 Rd7 36. Rxd7 Rxd7 37. Rxf4 Kg7) 35. Re7 {Ra8+ would kill now.} Be6 36. Ra8+ {White mates.} Bg8 37. Be4 {[%csl Ge4][%cal Re7h7]} f3+ 38. Kg3 {[%csl Ge4][%cal Re7h7] Weighted Error Value: White=0.44/Black=1.02} 1-0

[Event "Charlotte Spring Classic 2021"]
[Site "Charlotte"]
[Date "2021.03.28"]
[Round "3.6"]
[White "Vigorito, David"]
[Black "Tsyganov, Igor"]
[Result "1/2-1/2"]
[WhiteElo "2339"]
[BlackElo "2221"]
[Annotator "TA"]
[PlyCount "80"]
[EventDate "2021.03.22"]
[EventType "swiss"]
[EventCountry "USA"]
[SourceTitle "playchess.com"]
[Source "ChessBase"]
[SourceQuality "1"]

{[%evp 14,80,37,50,63,50,56,57,60,69,62,58,80,61,57,43,41,18,28,12,88,61,92,66,64,63,65,61,91,83,110,70,62,68,97,71,105,72,105,53,74,50,79,64,81,72,131,113,141,118,147,109,120,88,51,61,139,0,1,5,0,-32,0,-4,-7,-20,0,-3,-28]} 1. d4 Nf6 2. c4 e6 3. g3 Bb4+ 4. Bd2 Qe7 5. Nf3 O-O 6. Bg2 Bxd2+ 7. Qxd2 Ne4 8. Qc2 Qb4+ {E11: Bogo-Indian.} 9. Nbd2 Nxd2 10. Nxd2 Nc6 {White is slightly better.} 11. e3 Qe7 12. O-O d6 13. Qc3 a5 14. a3 {[#]} e5 $146 ({Predecessor:} 14... a4 15. d5 Nb8 16. Rac1 Nd7 17. dxe6 Qxe6 18. f4 Nc5 19. Rce1 Bd7 20. e4 Bc6 {½-½ (38) Abhilash,R (2188)-Chitlange,S (2073) Abu Dhabi 2017}) 15. d5 Nb8 16. c5 dxc5 (16... a4 $11) 17. Rac1 c6 18. Qxc5 Qxc5 19. Rxc5 Nd7 20. Rc3 c5 21. d6 Ra6 22. Ne4 b6 23. Rd1 a4 24. f4 Re8 25. f5 Ra7 26. Rcd3 (26. Rc4 $16) 26... Bb7 27. g4 f6 28. Kf2 Kf7 29. R3d2 Kf8 (29... g6 $142) 30. h4 Kf7 31. g5 Rd8 32. Bf3 g6 33. Ng3 Bxf3 34. Kxf3 b5 (34... c4 $14) 35. e4 (35. Kg4 $16) 35... b4 $11 36. Rh2 bxa3 {And now ...Rb7 would win.} 37. bxa3 Rb8 38. h5 {[#] Threatens to win with hxg6+.The position is equal.} Rb3+ 39. Kg4 gxf5+ (39... Rxa3 40. hxg6+ hxg6 41. Rh7+ Kg8 42. fxg6 $18) 40. Nxf5 {Strongly threatening g6+!} fxg5 {Weighted Error Value: White=0.25/Black=0.20} 1/2-1/2

[Event "Charlotte Spring Classic 2021"]
[Site "Charlotte"]
[Date "2021.03.28"]
[Round "3.7"]
[White "Harris, Luke"]
[Black "Wang, Tianqi"]
[Result "0-1"]
[WhiteElo "1755"]
[BlackElo "2305"]
[Annotator "TA"]
[PlyCount "86"]
[EventDate "2021.03.22"]
[EventType "swiss"]
[EventCountry "USA"]
[SourceTitle "playchess.com"]
[Source "ChessBase"]
[SourceQuality "1"]

{[%evp 15,86,-31,-30,-29,0,0,0,0,0,0,0,-38,-25,-34,-34,-45,-43,-68,-61,-85,-54,-62,-54,-114,-53,-55,-42,-52,-36,-91,-90,-110,-105,-165,-155,-196,-81,-93,-54,-50,0,0,0,2,8,9,27,0,11,-56,-11,-61,-50,-92,-91,-351,-367,-368,-353,-403,-410,-1170,-1151,-2284,-2183,-1955,-1925,-29981,-6160,-29968,-29969,-4902,-4886]} 1. e4 c5 2. Nf3 Nc6 3. d4 cxd4 4. Nxd4 g6 5. Nc3 Bg7 6. Be3 Nf6 7. Bc4 O-O 8. Qd2 Ng4 9. Nxc6 {B35: Sicilian: Accelerated Dragon with 5 Nc3: main line.} bxc6 10. Bd4 Bxd4 11. Qxd4 {The position is equal.} Qb6 12. Qxb6 axb6 {[%cal Ba7b6,Bb6b5,Bb5b4][%mdl 32]} 13. Rd1 d6 {[#]} 14. h3 $146 ({Predecessor:} 14. a3 Ne5 15. Bb3 Ba6 16. Kd2 Rfb8 17. Kc1 b5 18. f4 Ng4 19. Rd2 b4 20. Nd1 bxa3 21. bxa3 {0-1 (35) Heymann,U (2050)-Sandor,C (2365) Dresden 1994}) 14... Ne5 15. Bb3 b5 16. a4 b4 $1 {[%cal Rb4c3]} 17. Ne2 c5 18. f4 Nd7 19. c3 (19. Kf2 $15) 19... Nb6 (19... Bb7 $17 20. e5 Bxg2) 20. cxb4 $15 cxb4 21. Ra1 Bb7 22. Ng3 ({White should play} 22. O-O $15) 22... Nd7 $17 23. Bc2 Nc5 24. b3 (24. O-O $17 {might work better.}) 24... Rfc8 $19 25. Kd2 Ne6 (25... d5 $19 26. Rac1 dxe4) 26. Ne2 $17 Ba6 {aiming for ...Bxe2.} 27. f5 $1 Bxe2 (27... Nc5 {feels hotter.} 28. Nf4 e6 29. Rhe1 Bb7 30. Re3 Kf8) 28. fxe6 fxe6 29. Rac1 Ba6 $36 {[%mdl 2048] Black has the initiative.} 30. Bd3 Bb7 31. Ke3 Kg7 32. Kd4 (32. Rhf1 $11) 32... e5+ $15 33. Ke3 e6 34. Bb5 d5 35. Bd7 $2 {[%mdl 8192] White does not recover from this.} (35. Bd3 $17) 35... d4+ $19 36. Kd3 Ba6+ 37. Kd2 {[#]} Rc3 38. Bxe6 (38. Rc2 $142 Rf8 39. Kd1) 38... Rf8 39. Rxc3 Rf2+ 40. Kc1 bxc3 41. g4 Rb2 (41... Bd3 $142 42. Rd1 Rc2+ 43. Kb1 Rb2+ 44. Ka1 {[#]} c2 $1 {[%mdl 512]} 45. Kxb2 cxd1=Q 46. h4 Bxe4 47. h5 d3 48. Bc4 Qd2+ 49. Ka3 Qc3 50. h6+ Kh8 51. a5 d2 52. Be2 Bc2 53. Bc4 d1=Q 54. Ka4 Qxc4+ {[%mdl 64] Double Attack} 55. Ka3 Qxb3#) 42. Bc4 Bxc4 43. bxc4 d3 {Weighted Error Value: White=0.96/Black=0.29} 0-1